Top 100 MLB Players Entering 2026 Season - Statistics

General Stats
  • This quiz has been taken 547 times
  • The average score is 51 of 100
Answer Stats
GHint Answer % Correct
Dodgers Shohei Ohtani
99%
Yankees Aaron Judge
98%
Pirates Paul Skenes
92%
Royals Bobby Witt Jr.
90%
Mariners Cal Raleigh
89%
Blue Jays Vladimir Guerrero Jr.
89%
Mets Juan Soto
88%
Tigers Tarik Skubal
88%
Dodgers Mookie Betts
85%
Phillies Bryce Harper
84%
Padres Fernando Tatis Jr.
84%
Dodgers Freddie Freeman
83%
Braves Ronald Acuña Jr.
82%
Guardians José Ramírez
81%
Dodgers Yoshinobu Yamamoto
80%
Mariners Julio Rodríguez
79%
Mets Francisco Lindor
78%
Phillies Kyle Schwarber
77%
Diamondbacks Corbin Carroll
75%
Dodgers Will Smith
74%
Red Sox Garrett Crochet
70%
Diamondbacks Ketel Marte
69%
Dodgers Kyle Tucker
69%
Orioles Gunnar Henderson
68%
Orioles Pete Alonso
68%
Phillies Trea Turner
68%
Padres Manny Machado
67%
Astros Jose Altuve
65%
Athletics Nick Kurtz
65%
Reds Elly De La Cruz
64%
Rangers Corey Seager
62%
Astros Yordan Álvarez
62%
Cubs Pete Crow-Armstrong
61%
Cubs Alex Bregman
59%
Braves Matt Olson
59%
Dodgers Blake Snell
58%
Mariners Bryan Woo
58%
Mets Bo Bichette
56%
Yankees Cody Bellinger
56%
Dodgers Edwin Díaz
55%
Angels Mike Trout
55%
Giants Rafael Devers
55%
Rays Yandy Díaz
55%
Phillies Zack Wheeler
55%
Reds Eugenio Suárez
54%
Red Sox Ranger Suárez
54%
Twins Byron Buxton
53%
Phillies Christopher Sánchez
53%
Reds Hunter Greene
52%
Tigers Riley Greene
52%
Red Sox Roman Anthony
52%
Braves Chris Sale
51%
Yankees Max Fried
51%
Brewers Christian Yelich
50%
Rangers Jacob deGrom
47%
Red Sox Jarren Duran
47%
Nationals James Wood
46%
Giants Logan Webb
46%
Diamondbacks Geraldo Perdomo
45%
Rays Junior Caminero
45%
Red Sox Aroldis Chapman
44%
Astros Hunter Brown
44%
Giants Matt Chapman
44%
Blue Jays George Springer
40%
Athletics Jacob Wilson
40%
Padres Mason Miller
40%
Mets Freddy Peralta
37%
Yankees Jazz Chisholm Jr.
37%
Royals Maikel Garcia
37%
Brewers Jackson Chourio
36%
Brewers William Contreras
36%
Brewers Brice Turang
34%
Tigers Framber Valdez
34%
Mariners Logan Gilbert
34%
Giants Willy Adames
33%
Astros Jeremy Peña
32%
Mariners Josh Naylor
32%
Cubs Seiya Suzuki
32%
Yankees Carlos Rodón
31%
Padres Jackson Merrill
31%
Yankees Ben Rice
30%
Athletics Brent Rooker
30%
Blue Jays Dylan Cease
29%
Rangers Nathan Eovaldi
27%
Guardians Steven Kwan
26%
Rangers Wyatt Langford
26%
Blue Jays Alejandro Kirk
24%
Twins Joe Ryan
24%
Marlins Kyle Stowers
23%
Cubs Michael Busch
22%
Royals Vinnie Pasquantino
22%
Royals Cole Ragans
20%
Angels Zach Neto
20%
Tigers Kerry Carpenter
19%
Athletics Shea Langeliers
19%
Reds Andrew Abbott
16%
Braves Drake Baldwin
16%
Rockies Hunter Goodman
16%
White Sox Colson Montgomery
12%
Cardinals Iván Herrera
8%
No matching quizzes found
Score Distribution
Percent of People with Each Score
Percentile by Number Answered
Your Score History
You have not taken this quiz